Pays qui possédaient Amsterdam à travers l'histoire - Statistiques

Statistiques générales
  • Ce quiz a été pris 93 fois
  • Le résultat moyen est 5 sur 11
Statistiques - réponses
Période Pays % Correct
1940-1945 Reichskommissariat Niederlande
99%
1839 - Aujourd'hui Pays Bas
96%
1810 - 1815 Empire Français
91%
1512 - 1581 Royaume d'Espagne des Habsbourgs
71%
1257 - 1648 Saint Empire Romain Germanique
49%
1806 - 1810 Royaume de Hollande
43%
1384 - 1512 Duché de Bourgogne
15%
1795 - 1806 Republique Batave
12%
1581 - 1795 Provinces-Unis
11%
1815 - 1839 Royaume-uni des Pays Bas
8%
1275 - 1384 Comté de Hollande
7%
Aucun quiz correspondant
Distribution des résultats
% des personnes avec chaque résultat
Percentile par nombre de réponses
Votre historique - résultats
Vous n’avez pas pris ce quiz